Statistiques concernant Culture Générale - Série 783

Cliquez ici pour prendre le quiz!

Statistiques générales

  • Ce quiz a été pris 92 fois
  • Le résultat moyen est 7 sur 10

Statistiques - réponses

QuestionRéponse% Correct
Dans le titre d'une comédie de Georges Lautner, quel adjectif qualifie "Les Tontons" ?flingueurs
99%
Les français nés en Algérie ont été surnommées les pieds-...noirs
99%
En 2003, la chanson de Florent Pagny évoquant ses problèmes avec le fisc s'intitulait : "Ma liberté de...penser
96%
Quelle partie du vêtement peut être : pelle-à-tarte, Claudine, en V ou officier ?col
95%
En 1937, quel peintre espagnol est l'auteur du “Portrait de Dora Maar” ?Pablo Picasso
80%
Quel homme d'affaires français a enregistré en duo avec Doc Gyneco la chanson "C'est beau la vie", sortie en 1998 ?Bernard Tapie
77%
Quel sport pratiquent Estelle Mossely et Tony Yoka, médaillés d'or aux JO de Rio de 2016 ?boxe
70%
En 1985, dans l'une de ses chansons qui est aussi le titre de son album, Étienne Daho est "tombé...pour la France
33%
De quel film de 2001 la chanson "Lady Marmalade" reprise par Pink, Christina Aguilera, Lil'Kim et Mya est-elle la bande originale ?Moulin Rouge
31%
Les trois Grâces de la mythologie grecque se prénomment : Euphrosyne, Thalie et...Aglaé
4%

Distribution des résultats

Percentile par nombre de réponses

% des personnes avec chaque résultat

Votre développement - résultats

Vous n’avez pas pris ce quiz